[Event "24.Schlosspark-Open"]
[Site "Wiesbaden-Biebrich"]
[Date "2012.08.23"]
[Round "1.56"]
[White "Stiefel, Marika"]
[Black "Kolker, Vladislav"]
[Result "0-1"]
[WhiteElo "1645"]
[BlackElo "2028"]
[PlyCount "89"]
[EventDate "2012.??.??"]
[WhiteTeam "SSV Vimaria 91 Weimar"]
[BlackTeam "SC Bad Nauheim"]

1. d4 Nf6 2. Bg5 Ne4 3. Bf4 c5 4. c3 cxd4 5. cxd4 Qa5+ 6. Nd2 Nc6 7. Ngf3 g5 8.
d5 gxf4 9. dxc6 bxc6 10. Qc2 Nxd2 11. Qxd2 Qxd2+ 12. Nxd2 Bg7 13. Rb1 d5 14. g3
fxg3 15. hxg3 Bf5 16. Rc1 Rc8 17. b4 Bb2 18. Rc5 Ba3 19. Rh4 Rb8 20. Rxc6 Bxb4
21. Bg2 e6 22. Rxb4 Rxb4 23. Rc8+ Ke7 24. Rxh8 Ra4 25. Rb8 Rxa2 26. e4 dxe4 27.
Nxe4 a5 28. Rb7+ Kf8 29. Nd6 Bg6 30. Ra7 a4 31. Bc6 a3 32. Nb5 Rc2 33. Nd4 Rc4
34. Ra4 Rxa4 35. Bxa4 a2 36. Nb3 Bc2 37. Na1 Bxa4 38. Kd2 Ke7 39. Kc1 Bc6 40.
Kb2 Bd5 41. Nc2 Kd6 42. Nb4 Kc5 43. Nxd5 Kxd5 44. Kxa2 Ke4 45. Kb2 0-1

[Event "24.Schlosspark-Open"]
[Site "Wiesbaden-Biebrich"]
[Date "2012.08.23"]
[Round "1.57"]
[White "Seifert, Norbert"]
[Black "Bykov, Vyacheslav"]
[Result "1-0"]
[WhiteElo "2028"]
[BlackElo "1636"]
[PlyCount "79"]
[EventDate "2012.??.??"]
[WhiteTeam "Sfr. Neuberg"]
[BlackTeam "Wiesbadener SV 1885"]

1. Nf3 Nf6 2. c4 c5 3. g3 b6 4. Bg2 Bb7 5. O-O g6 6. Nc3 Bg7 7. Rb1 O-O 8. a3
Nc6 9. e3 d5 10. cxd5 Nxd5 11. Nxd5 Qxd5 12. d4 cxd4 13. Nxd4 Qd7 14. Nxc6 Bxc6
15. Qxd7 Bxd7 16. Bxa8 Rxa8 17. e4 a5 18. Be3 b5 19. Rfd1 Be6 20. Bd4 Bb3 21.
Rd2 e5 22. Bb6 a4 23. Rd8+ Rxd8 24. Bxd8 Bf8 25. Bf6 Bg7 26. Bxg7 Kxg7 27. Rc1
h5 28. Rc5 Bc4 29. Rxe5 Kf6 30. f4 Bd3 31. Kf2 Bc4 32. Ke3 Bf1 33. Rc5 Ke6 34.
Kd4 Kd6 35. f5 Ke7 36. fxg6 fxg6 37. Ke5 Kf7 38. Rc7+ Kg8 39. Kf6 Bd3 40. e5
1-0

[Event "24.Schlosspark-Open"]
[Site "Wiesbaden-Biebrich"]
[Date "2012.08.23"]
[Round "1.58"]
[White "Giesau, Bernhard"]
[Black "Marzahn, Heiko"]
[Result "0-1"]
[WhiteElo "1632"]
[BlackElo "2025"]
[PlyCount "60"]
[EventDate "2012.??.??"]
[WhiteTeam "SK Gau-Algesheim"]
[BlackTeam "Sfr.Erbach"]

1. Nf3 f5 2. c4 Nf6 3. Nc3 e6 4. b3 d5 5. e3 c6 6. Bb2 Bd6 7. Be2 Nbd7 8. d4
O-O 9. O-O Qe8 10. Re1 Kh8 11. cxd5 exd5 12. Qc2 Ne4 13. Nd2 Qg6 14. Nf1 Ndf6
15. f4 Bd7 16. a3 Rae8 17. Bf3 Qh6 18. g3 g5 19. Re2 Rg8 20. Bg2 Ng4 21. Nxe4
fxe4 22. Bh1 gxf4 23. exf4 Bxf4 24. Bxe4 dxe4 25. Rxe4 Rxe4 26. Qxe4 Bg5 27.
Rd1 Re8 28. Qc2 Kg8 29. Qd3 Be3+ 30. Kg2 Nf2 0-1

[Event "24.Schlosspark-Open"]
[Site "Wiesbaden-Biebrich"]
[Date "2012.08.23"]
[Round "1.59"]
[White "Gentner, Markus"]
[Black "Roth, Michael"]
[Result "1-0"]
[WhiteElo "2026"]
[BlackElo "1619"]
[PlyCount "59"]
[EventDate "2012.??.??"]
[WhiteTeam "SC Murrhardt 1948 e.V."]
[BlackTeam "SC Lerchenberg/ZMO"]

1. Nf3 Nc6 2. d4 d5 3. e3 Bf5 4. c4 e6 5. Bd2 f6 6. Qb3 Nge7 7. Be2 b6 8. Nh4
Be4 9. f3 g5 10. fxe4 gxh4 11. Bh5+ Ng6 12. exd5 exd5 13. cxd5 Nce7 14. Nc3 Nf5
15. Rf1 Ng7 16. Bg4 h5 17. Qb5+ Kf7 18. Bh3 Bd6 19. Ne4 Bxh2 20. Rxf6+ Kg8 21.
Rxg6 Kh7 22. Qc6 Qe7 23. Ng5+ Kg8 24. O-O-O Qe8 25. Be6+ Kf8 26. Rf1+ Ke7 27.
Rxg7+ Kd8 28. Nf7+ Ke7 29. Ne5+ Kd8 30. Qxc7# 1-0

[Event "24.Schlosspark-Open"]
[Site "Wiesbaden-Biebrich"]
[Date "2012.08.23"]
[Round "1.60"]
[White "Sanati, Charlotte"]
[Black "Eg, Karlheinz"]
[Result "0-1"]
[WhiteElo "1616"]
[BlackElo "2025"]
[PlyCount "108"]
[EventDate "2012.??.??"]
[WhiteTeam "SG Trier"]
[BlackTeam "SV Rüsselsheim 1929"]

1. e4 e5 2. Nf3 Nc6 3. Bb5 a6 4. Ba4 Nf6 5. O-O Be7 6. Re1 b5 7. Bb3 O-O 8. c3
d6 9. h3 Na5 10. Bc2 c5 11. d4 Qc7 12. Nbd2 Rd8 13. d5 c4 14. Nf1 Nb7 15. Be3
Nc5 16. Ng3 a5 17. a3 Rb8 18. Qd2 Nb3 19. Bxb3 cxb3 20. Rac1 Qc4 21. Qd1 a4 22.
Bg5 h6 23. Be3 Kh7 24. Qd2 Bd7 25. Rcd1 Rg8 26. Qc1 Rbc8 27. Bb6 Rb8 28. Nd2
Qc8 29. Ba5 Bxh3 30. gxh3 Qxh3 31. Ndf1 Ng4 32. Rd3 Bg5 33. Qd1 Bf4 34. Qf3 Qh4
35. Bc7 Rb7 36. Bxd6 Rb6 37. Bc5 Rg6 38. Qg2 Qg5 39. Qh3 Qf6 40. d6 Rd8 41.
Red1 h5 42. Bb6 Rd7 43. f3 Nh6 44. Qxd7 Bxg3 45. Nxg3 Rxg3+ 46. Kf1 Rxf3+ 47.
Ke2 Rf4 48. Qb7 Qh4 49. Rg1 Qh2+ 50. Ke1 Qxb2 51. d7 Qc1+ 52. Rd1 Qxc3+ 53. Rd2
b2 54. d8=Q b1=Q+ 0-1

[Event "24.Schlosspark-Open"]
[Site "Wiesbaden-Biebrich"]
[Date "2012.08.23"]
[Round "1.61"]
[White "Keil, Roland"]
[Black "Köllmer, Hans"]
[Result "1-0"]
[WhiteElo "2024"]
[BlackElo "1576"]
[PlyCount "51"]
[EventDate "2012.??.??"]
[WhiteTeam "SC Waiblingen 1921"]
[BlackTeam "Sfr.Heidesheim"]

1. e4 e6 2. Nc3 d5 3. Nf3 Nf6 4. e5 Nfd7 5. d4 c5 6. Bf4 Nc6 7. dxc5 Bxc5 8.
Bd3 O-O 9. O-O Re8 10. Qe2 a6 11. Rae1 Nf8 12. a3 b5 13. Ng5 g6 14. Qf3 Be7 15.
Qg3 Nd4 16. Ne2 Nf5 17. Bxf5 exf5 18. Nd4 Bb7 19. Nxf5 Ne6 20. Nh6+ Kg7 21.
Nhxf7 Qd7 22. Nxe6+ Qxe6 23. Ng5 Qf5 24. c3 Rac8 25. Nf3 Rc4 26. Nd4 1-0

[Event "24.Schlosspark-Open"]
[Site "Wiesbaden-Biebrich"]
[Date "2012.08.23"]
[Round "1.62"]
[White "Künne, Lutz Dieter"]
[Black "Kobs, Stephan"]
[Result "0-1"]
[WhiteElo "1562"]
[BlackElo "2019"]
[PlyCount "64"]
[EventDate "2012.??.??"]
[WhiteTeam "Kings Club 98 Jena"]
[BlackTeam "SV Esens"]

1. e4 c5 2. Nc3 Nc6 3. g3 g6 4. Bg2 Bg7 5. d3 d6 6. Be3 Rb8 7. Qd2 b5 8. Nge2
b4 9. Nd1 Nd4 10. O-O Nxe2+ 11. Qxe2 Ba6 12. f4 Nf6 13. e5 Nd7 14. exd6 O-O 15.
dxe7 Qxe7 16. Qd2 Nf6 17. Re1 Ng4 18. Bf2 Qd6 19. Rb1 Bb7 20. Bxb7 Rxb7 21. h3
Nxf2 22. Nxf2 f5 23. Qe3 Kh8 24. Qf3 Re7 25. Rxe7 Qxe7 26. Kf1 Re8 27. c3 bxc3
28. bxc3 Bxc3 29. Rb7 Qe1+ 30. Kg2 Bd4 31. Rxa7 Bxf2 32. Qxf2 Re2 0-1

[Event "24.Schlosspark-Open"]
[Site "Wiesbaden-Biebrich"]
[Date "2012.08.23"]
[Round "1.63"]
[White "Bremer, Vincent"]
[Black "Urbach, Jens"]
[Result "1-0"]
[WhiteElo "2016"]
[BlackElo "1558"]
[PlyCount "31"]
[EventDate "2012.??.??"]
[WhiteTeam "SC Lerchenberg/ZMO"]
[BlackTeam "Sfr. Frankfurt 1921"]

1. c4 e5 2. g3 Nf6 3. Nc3 c5 4. Bg2 Nc6 5. e3 Be7 6. Nge2 O-O 7. d4 cxd4 8.
exd4 exd4 9. Nxd4 Nxd4 10. Qxd4 Re8 11. O-O a6 12. b3 Qc7 13. Re1 d6 14. Bb2
Bd7 15. Nd5 Nxd5 16. Qxg7# 1-0

[Event "24.Schlosspark-Open"]
[Site "Wiesbaden-Biebrich"]
[Date "2012.08.23"]
[Round "1.64"]
[White "Happel, Jürgen"]
[Black "Muuss, Klaus"]
[Result "0-1"]
[WhiteElo "1554"]
[BlackElo "2010"]
[PlyCount "92"]
[EventDate "2012.??.??"]
[WhiteTeam "SV 1920 Hofheim"]
[BlackTeam "VSF Flintbek"]

1. d4 Nf6 2. c4 g6 3. Nc3 Bg7 4. Nf3 d6 5. e3 O-O 6. Be2 Nbd7 7. O-O c5 8. Qc2
b6 9. d5 Ne5 10. Nxe5 dxe5 11. e4 Ne8 12. Be3 Nd6 13. f3 f5 14. Bd3 f4 15. Bf2
Bd7 16. Rab1 g5 17. g4 fxg3 18. Bxg3 Bh3 19. Rf2 h5 20. Bf1 Qd7 21. Qd2 Bh6 22.
Bxe5 Bxf1 23. Rfxf1 Nxc4 24. Qe2 Nxe5 25. f4 Qg4+ 26. Qxg4 Nxg4 27. fxg5 Bxg5
28. Rf5 Rxf5 29. exf5 Rf8 30. Rf1 Ne3 31. Rf3 Rxf5 32. Rxf5 Nxf5 33. Ne4 Be3+
34. Kf1 Bd4 35. b3 Ne3+ 36. Ke2 Nxd5 37. Kf3 Nc3 38. a3 Nxe4 39. Kxe4 e6 40. h3
Kf7 41. Kf4 Kf6 42. a4 e5+ 43. Kf3 Kf5 44. Kg3 h4+ 45. Kf3 e4+ 46. Ke2 Kf4 0-1

[Event "24.Schlosspark-Open"]
[Site "Wiesbaden-Biebrich"]
[Date "2012.08.23"]
[Round "1.65"]
[White "Tufa, Mihai"]
[Black "Burow, Roger"]
[Result "1-0"]
[WhiteElo "1998"]
[BlackElo "1527"]
[PlyCount "87"]
[EventDate "2012.??.??"]
[WhiteTeam "Club Sah Diana Galati"]
[BlackTeam "SV 1920 Kelsterbach"]

1. e4 c6 2. d4 d5 3. e5 e6 4. Bd3 b6 5. Qe2 Ne7 6. f4 Ng6 7. Nf3 Be7 8. O-O O-O
9. g4 f5 10. gxf5 exf5 11. Be3 Be6 12. Nbd2 h6 13. Kh1 Nd7 14. Rg1 Nh4 15. Nxh4
Bxh4 16. Qh5 Kh8 17. Nf3 Be7 18. Qg6 Bf6 19. exf6 Qxf6 20. Ne5 c5 21. Nxd7 Bxd7
22. Qxf6 Rxf6 23. dxc5 d4 24. Bxd4 Bc6+ 25. Rg2 Rg6 26. Bf1 Re8 27. Be5 Rd8 28.
Bc3 Rg4 29. cxb6 axb6 30. Kg1 Bxg2 31. Bxg2 Rxf4 32. Rf1 Rxf1+ 33. Bxf1 Kh7 34.
Bd3 g6 35. h4 Rf8 36. a4 h5 37. Bd4 Kh6 38. Bxb6 f4 39. a5 g5 40. hxg5+ Kxg5
41. a6 Kh4 42. Kf2 Kg4 43. a7 f3 44. Be4 1-0

[Event "24.Schlosspark-Open"]
[Site "Wiesbaden-Biebrich"]
[Date "2012.08.23"]
[Round "1.66"]
[White "Maleski, Heinz"]
[Black "Wüst, Klaus"]
[Result "0-1"]
[WhiteElo "1527"]
[BlackElo "2005"]
[PlyCount "62"]
[EventDate "2012.??.??"]
[WhiteTeam "SC Budenheim"]
[BlackTeam "Sfr. Wieseck"]

1. d4 Nf6 2. Bf4 d5 3. e3 c6 4. Nd2 Qb6 5. Qc1 Bf5 6. Ngf3 h6 7. Be2 e6 8. O-O
Be7 9. b3 Nh5 10. Bxb8 Rxb8 11. c4 O-O 12. Ne5 Nf6 13. c5 Qc7 14. Bd3 Bxd3 15.
Nxd3 Nd7 16. Nf3 f6 17. Rb1 e5 18. dxe5 fxe5 19. Nd2 e4 20. Ne1 Bxc5 21. b4 Bd6
22. h3 Rbe8 23. Qa3 Qb6 24. Nc2 Bb8 25. Qb3 Qc7 26. g3 Ne5 27. Ne1 Rf7 28. Qd1
Ref8 29. f4 exf3 30. Nexf3 Nxf3+ 31. Rxf3 Rxf3 0-1

[Event "24.Schlosspark-Open"]
[Site "Wiesbaden-Biebrich"]
[Date "2012.08.23"]
[Round "1.67"]
[White "Klein, Maximilian"]
[Black "Heun, Andreas"]
[Result "1-0"]
[WhiteElo "2002"]
[BlackElo "1458"]
[PlyCount "59"]
[EventDate "2012.??.??"]
[WhiteTeam "SC Idar-Oberstein"]
[BlackTeam "SC Ladja Roßdorf"]

1. e4 g6 2. d4 Bg7 3. f4 d6 4. Nc3 Nf6 5. Be3 O-O 6. Nf3 c6 7. Qd2 b5 8. Bd3
Ng4 9. Bg1 a5 10. O-O-O Ba6 11. h3 b4 12. hxg4 bxc3 13. Qxc3 Bxd3 14. Qxd3 Qb6
15. e5 Nd7 16. c3 Rab8 17. Rd2 c5 18. Ng5 h6 19. Ne4 Qc6 20. dxc5 Nxc5 21. Bxc5
dxc5 22. Qd5 Qc8 23. g5 hxg5 24. Nxg5 Qf5 25. Qe4 Qg4 26. Qf3 Qf5 27. g4 Qc8
28. Qh3 Rd8 29. Rdh2 Rd5 30. Qh8+ 1-0

[Event "24.Schlosspark-Open"]
[Site "Wiesbaden-Biebrich"]
[Date "2012.08.23"]
[Round "1.68"]
[White "Triantafillidis, Dimitrios"]
[Black "Willems, Matthias"]
[Result "0-1"]
[WhiteElo "1447"]
[BlackElo "1998"]
[PlyCount "108"]
[EventDate "2012.??.??"]
[WhiteTeam "SF HN-Biberach 1978 e.V."]
[BlackTeam "SC Bad Nauheim"]

1. e4 c5 2. c3 Qa5 3. Nf3 Nc6 4. Be2 Nf6 5. d3 d5 6. exd5 Nxd5 7. O-O Bg4 8.
Na3 e6 9. Nc2 Qc7 10. Ne3 h5 11. Nxd5 exd5 12. d4 c4 13. Re1 Be7 14. Qd2 f6 15.
Nh4 O-O-O 16. Ng6 Rhe8 17. Bxg4+ hxg4 18. Qf4 Qd7 19. Nxe7+ Rxe7 20. Rxe7 Nxe7
21. Be3 Qf5 22. Qg3 g5 23. Re1 Ng6 24. h3 gxh3 25. Qxh3 Qxh3 26. gxh3 Nh4 27.
Kf1 Ng6 28. Bc1 Kd7 29. Kg2 Rh8 30. Kg3 Rh4 31. f3 Ne7 32. Kg2 Nf5 33. Rf1 Ke6
34. f4 g4 35. hxg4 Rxg4+ 36. Kh2 Nd6 37. Kh3 Rg8 38. Rf2 Kf5 39. Rg2 Rxg2 40.
Kxg2 Ke4 41. b3 cxb3 42. axb3 Kd3 43. Ba3 Nb5 44. Be7 f5 45. c4 dxc4 46. bxc4
Kxc4 47. Bc5 a5 48. Kf2 Nxd4 49. Bb6 a4 50. Ke3 Nb3 51. Bc7 a3 52. Be5 a2 53.
Kf3 Kd3 54. Kg3 Nd4 0-1

[Event "24.Schlosspark-Open"]
[Site "Wiesbaden-Biebrich"]
[Date "2012.08.23"]
[Round "1.69"]
[White "Schmitt, Carsten"]
[Black "Vaintroub, Maximilian"]
[Result "1-0"]
[WhiteElo "1986"]
[BlackElo "1438"]
[PlyCount "93"]
[EventDate "2012.??.??"]
[WhiteTeam "SV Bergwinkel"]
[BlackTeam "SK Mannheim-Lindenhof 1865"]

1. c4 e6 2. g3 d5 3. Bg2 Nf6 4. Nf3 c6 5. O-O Be7 6. b3 O-O 7. Bb2 b6 8. d3 Bb7
9. Nbd2 Nbd7 10. Re1 Rc8 11. e4 Nc5 12. e5 Nxd3 13. exf6 Nxe1 14. fxe7 Nxf3+
15. Nxf3 Qxe7 16. cxd5 cxd5 17. Qd4 f6 18. Qa4 Bc6 19. Qa6 Qb7 20. Qxb7 Bxb7
21. Bh3 Rce8 22. Nd4 e5 23. Nf5 Bc8 24. Ba3 Bxf5 25. Bxf5 Rf7 26. Rc1 g6 27.
Bc8 Kg7 28. Kf1 d4 29. f3 Rd8 30. Ke1 f5 31. Be6 Rb7 32. Kd2 Kh6 33. Re1 d3 34.
Rxe5 Rc7 35. Bc4 Rcd7 36. f4 Rd4 37. Re3 g5 38. Be7 R8d7 39. Bxg5+ Kh5 40. h3
Re4 41. Rxd3 Rxd3+ 42. Kxd3 Kg6 43. Kd2 Rd4+ 44. Bd3 a6 45. g4 h6 46. Ke3 Rb4
47. Be7 1-0

[Event "24.Schlosspark-Open"]
[Site "Wiesbaden-Biebrich"]
[Date "2012.08.23"]
[Round "1.70"]
[White "Rosmanitz, Anna"]
[Black "Rump, Andreas"]
[Result "1/2-1/2"]
[WhiteElo "1415"]
[BlackElo "1984"]
[PlyCount "57"]
[EventDate "2012.??.??"]
[WhiteTeam "SC 1979 Hattersheim"]
[BlackTeam "SG Turm Idstein"]

1. e4 c5 2. Nc3 d6 3. f4 Nc6 4. Bb5 Bd7 5. Bxc6 Bxc6 6. Nf3 Nf6 7. d3 g6 8. O-O
Bg7 9. Qe1 O-O 10. f5 e6 11. Qh4 Nd7 12. Bg5 f6 13. fxg6 hxg6 14. Bh6 Ne5 15.
Bxg7 Kxg7 16. Ne2 Nxf3+ 17. Rxf3 e5 18. Raf1 f5 19. Qxd8 Raxd8 20. Nc3 f4 21.
g3 g5 22. h4 g4 23. R3f2 f3 24. Nd1 d5 25. Ne3 dxe4 26. dxe4 Bxe4 27. Nxg4 Rde8
28. Re1 Bd5 29. Rxe5 1/2-1/2

[Event "24.Schlosspark-Open"]
[Site "Wiesbaden-Biebrich"]
[Date "2012.08.23"]
[Round "1.71"]
[White "Schmidt, Volker"]
[Black "Hoffmann, Jens"]
[Result "1-0"]
[WhiteElo "1982"]
[BlackElo "1406"]
[PlyCount "133"]
[EventDate "2012.??.??"]
[WhiteTeam "SAbt TuS Dotzheim"]
[BlackTeam "SF HN-Biberach 1978 e.V."]

1. c4 Nf6 2. Nc3 d6 3. g3 g6 4. Bg2 Bg7 5. d4 O-O 6. Nf3 c5 7. O-O Nbd7 8. Rb1
Rb8 9. Re1 Nb6 10. b3 Bg4 11. dxc5 dxc5 12. Qc2 a6 13. Bf4 Ra8 14. Ne5 Ra7 15.
Nxg4 Nxg4 16. Rbd1 Qc8 17. Ne4 f5 18. Nc3 Nf6 19. e4 e6 20. exf5 exf5 21. Rd6
Nbd7 22. Nd5 Nxd5 23. Bxd5+ Kh8 24. Re7 Nf6 25. Be5 h6 26. Rdd7 Qxd7 27. Rxd7
Nxd7 28. Bd6 Re8 29. Bf7 Re1+ 30. Kg2 Kh7 31. Qd2 Re4 32. Bf4 Re7 33. Bd5 Nf6
34. Bd6 Re8 35. Bxc5 Raa8 36. Bxb7 Rad8 37. Bd5 Nxd5 38. cxd5 Re5 39. Qb4 Rexd5
40. Qb6 Ra8 41. Qb7 Rdd8 42. Qf7 Rdc8 43. b4 a5 44. a3 Rc6 45. Qb7 Rac8 46. Bb6
axb4 47. axb4 Kg8 48. b5 Rc4 49. Qd5+ Kh8 50. Be3 Re4 51. Qd7 Ree8 52. b6 Rf8
53. b7 Rcd8 54. Qc7 Rfe8 55. Qf7 Kh7 56. h4 h5 57. Bg5 Rb8 58. Bf6 Rg8 59. Qc7
Rbf8 60. Bxg7 Rxg7 61. b8=Q Rxb8 62. Qxb8 Kh6 63. Qf8 Kh7 64. Kf3 Rd7 65. Kf4
Rg7 66. Kg5 Rg8 67. Qh6# 1-0

[Event "24.Schlosspark-Open"]
[Site "Wiesbaden-Biebrich"]
[Date "2012.08.23"]
[Round "1.72"]
[White "Schöneberger, Thomas"]
[Black "Machlin, Maxim"]
[Result "0-1"]
[WhiteElo "1393"]
[BlackElo "1981"]
[PlyCount "66"]
[EventDate "2012.??.??"]
[WhiteTeam "SC 1979 Hattersheim"]
[BlackTeam "Biebertaler SF"]

1. e4 Nf6 2. e5 Nd5 3. Nc3 e6 4. Nxd5 exd5 5. Nf3 d6 6. d4 Bg4 7. Be2 Nd7 8.
Bf4 Nb6 9. h3 Bh5 10. g4 Bg6 11. Bd3 Be7 12. Bxg6 hxg6 13. b3 Qd7 14. Ng1 dxe5
15. Bxe5 Bb4+ 16. Kf1 f6 17. Bf4 O-O-O 18. Be3 f5 19. g5 Bd6 20. f4 Rde8 21.
Qf3 Qb5+ 22. Kg2 Re4 23. Ne2 Qc6 24. c3 Rhe8 25. Kf2 Rxe3 26. Qxe3 Rxe3 27.
Kxe3 Qe8+ 28. Kd2 Qe4 29. Raf1 Nd7 30. h4 c5 31. Rh3 cxd4 32. cxd4 Bb4+ 33. Nc3
Qg2+ 0-1

[Event "24.Schlosspark-Open"]
[Site "Wiesbaden-Biebrich"]
[Date "2012.08.23"]
[Round "1.73"]
[White "Frömbgen, Andreas"]
[Black "Busch, Günther"]
[Result "1-0"]
[WhiteElo "1973"]
[BlackElo "1321"]
[PlyCount "137"]
[EventDate "2012.??.??"]
[WhiteTeam "SK Gau-Algesheim"]
[BlackTeam "FC 1934 Wiesbaden-Bierstadt"]

1. c4 g6 2. g3 Bg7 3. Bg2 d6 4. d4 Nd7 5. Nc3 a6 6. e4 e6 7. Nge2 Ne7 8. O-O
Rb8 9. Be3 b6 10. Qd2 h6 11. b4 Bb7 12. Rac1 Kf8 13. Rfd1 Kg8 14. c5 Kh7 15.
Nf4 Nf6 16. cxd6 cxd6 17. d5 e5 18. Nh3 Ng4 19. f3 Nxe3 20. Qxe3 Bc8 21. Nf2
Rf8 22. Ne2 f5 23. Rc2 b5 24. Rdc1 Rb7 25. Kh1 Bd7 26. Ng1 Qb8 27. Ngh3 Bf6 28.
Qd3 Bg7 29. f4 Qa7 30. exf5 Bxf5 31. Be4 Bxh3 32. Nxh3 Qd4 33. Qxd4 exd4 34.
Rc7 Rc8 35. Rxc8 Nxc8 36. Rxc8 Re7 37. Nf2 a5 38. Rd8 axb4 39. Rxd6 Ra7 40.
Bxg6+ Kg8 41. Nd3 Bf8 42. Rb6 Rxa2 43. Rxb5 Ra1+ 44. Kg2 Rb1 45. h4 b3 46. Nc5
Rb2+ 47. Kf3 Bxc5 48. Rxc5 Ra2 49. Rb5 b2 50. Rb3 Kg7 51. h5 Kf6 52. g4 Ra5 53.
Be4 Ra2 54. Bb1 Ra5 55. Ke4 Ra4 56. Rxb2 d3+ 57. Ke3 Ra5 58. Rb6+ Kg7 59. Bxd3
Rxd5 60. Rg6+ Kf8 61. Rxh6 Kg7 62. g5 Ra5 63. Rf6 Kh8 64. h6 Ra8 65. g6 Rd8 66.
Ke4 Kg8 67. Bc4+ Kh8 68. g7+ Kh7 69. Rf8 1-0

[Event "24.Schlosspark-Open"]
[Site "Wiesbaden-Biebrich"]
[Date "2012.08.23"]
[Round "1.74"]
[White "Meier, Alexander"]
[Black "Belz, Frank-M"]
[Result "0-1"]
[WhiteElo "1314"]
[BlackElo "1969"]
[PlyCount "104"]
[EventDate "2012.??.??"]
[WhiteTeam "FC 1934 Wiesbaden-Bierstadt"]
[BlackTeam "SK Freising"]

1. e4 c6 2. d4 d5 3. exd5 cxd5 4. Nf3 Bg4 5. Nbd2 Nc6 6. c3 e6 7. Bb5 Bd6 8.
Qa4 Qc7 9. Qc2 Nf6 10. h3 Bf5 11. Bd3 Bxd3 12. Qxd3 O-O 13. O-O Na5 14. Re1 Nc4
15. Nf1 Ne4 16. Re2 Rab8 17. Ng5 Nxg5 18. Bxg5 b5 19. a3 a5 20. Rb1 b4 21. axb4
axb4 22. cxb4 Bxb4 23. Rc2 Qb7 24. Bf4 Bd6 25. Bxd6 Nxd6 26. Nd2 Rfc8 27. Rxc8+
Rxc8 28. b3 Qc6 29. Nf3 Qc2 30. Qxc2 Rxc2 31. g3 Kf8 32. Kf1 Ne4 33. Ke1 Rxf2
34. Ne5 Rh2 35. Rd1 Rh1+ 36. Ke2 Nc3+ 37. Kd3 Nxd1 38. Kc2 Ne3+ 39. Kc3 Rxh3
40. Kb4 Rxg3 41. Kc5 Nc2 42. b4 Rc3+ 43. Kd6 Nxb4 44. Nd7+ Ke8 45. Nc5 h5 46.
Ke5 h4 47. Nb7 h3 48. Nd6+ Ke7 49. Nb5 Rb3 50. Na7 h2 51. Nc8+ Kf8 52. Nd6 h1=Q
0-1

[Event "24.Schlosspark-Open"]
[Site "Wiesbaden-Biebrich"]
[Date "2012.08.23"]
[Round "1.75"]
[White "Hillgärtner, Walter"]
[Black "Troeger, Beate"]
[Result "1-0"]
[WhiteElo "1962"]
[BlackElo "1309"]
[PlyCount "95"]
[EventDate "2012.??.??"]
[WhiteTeam "SC Bad Nauheim"]
[BlackTeam "Vorw.Orient Mainz"]

1. d4 d6 2. e4 g6 3. c3 Bg7 4. Nf3 Nf6 5. Nbd2 O-O 6. Be2 b6 7. O-O Bb7 8. Qc2
Nc6 9. Re1 Nd7 10. Bf1 a5 11. a4 e5 12. d5 Ne7 13. Nc4 Ba6 14. Na3 Bxf1 15.
Rxf1 Nc5 16. Be3 Qd7 17. Bxc5 bxc5 18. Nc4 f5 19. Ng5 fxe4 20. Ne6 Rf6 21. Qxe4
Rb8 22. Nxa5 Rxb2 23. Nc4 Rb8 24. a5 c6 25. Nxc5 dxc5 26. Nxe5 Qxd5 27. Qxd5+
Nxd5 28. Nd7 Ra8 29. Ra3 Rf7 30. c4 Rxd7 31. cxd5 cxd5 32. Rb1 Bf8 33. a6 c4
34. Ra5 d4 35. Kf1 c3 36. f4 d3 37. Rb7 Rxb7 38. axb7 Rxa5 39. b8=Q Ra1+ 40.
Kf2 c2 41. Qb3+ Kh8 42. Qb2+ Kg8 43. Qxa1 Bc5+ 44. Kf3 h5 45. Qa2+ Kg7 46. Qc4
Be7 47. Ke3 g5 48. Kxd3 1-0

[Event "24.Schlosspark-Open"]
[Site "Wiesbaden-Biebrich"]
[Date "2012.08.23"]
[Round "1.76"]
[White "Triantafillidis, Simeon"]
[Black "Nagel, Erwin"]
[Result "0-1"]
[WhiteElo "1231"]
[BlackElo "1957"]
[PlyCount "68"]
[EventDate "2012.??.??"]
[WhiteTeam "SF HN-Biberach 1978 e.V."]
[BlackTeam "TSV Amorbach 1863 e.V."]

1. e4 c5 2. Nf3 e6 3. Be2 Nc6 4. Nc3 a6 5. d3 d6 6. O-O Nf6 7. Bg5 Be7 8. d4
cxd4 9. Nxd4 O-O 10. Nf3 h6 11. Bh4 b5 12. h3 b4 13. Na4 Nxe4 14. Bxe7 Qxe7 15.
Qd3 d5 16. Nb6 Rb8 17. Nxc8 Rfxc8 18. Qxa6 Qc5 19. Qd3 Na5 20. Ne5 Qxc2 21.
Rab1 Nd2 22. Rfc1 Qxd3 23. Rxc8+ Rxc8 24. Bxd3 Nxb1 25. Kh2 Nd2 26. Ba6 Rc2 27.
Nd3 b3 28. axb3 Naxb3 29. Bb5 Rc8 30. Ba4 Kf8 31. Kg3 Ke7 32. Kf4 Rc4+ 33. Ke3
Rxa4 34. g4 Re4# 0-1

[Event "24.Schlosspark-Open"]
[Site "Wiesbaden-Biebrich"]
[Date "2012.08.23"]
[Round "1.77"]
[White "Wagner, Stefan"]
[Black "Goldhausen, Nina"]
[Result "1-0"]
[WhiteElo "1955"]
[BlackElo "1088"]
[PlyCount "63"]
[EventDate "2012.??.??"]
[WhiteTeam "SC Landskrone"]
[BlackTeam "SC 1979 Hattersheim"]

1. d4 d5 2. Nf3 Nc6 3. c4 Bf5 4. a3 e6 5. Nc3 Nf6 6. Bf4 Bd6 7. Bxd6 Qxd6 8. e3
O-O 9. Be2 Rfe8 10. O-O Ne7 11. Rc1 c6 12. b4 b6 13. c5 bxc5 14. bxc5 Qc7 15.
Nh4 Bg6 16. Nxg6 Nxg6 17. Rb1 e5 18. Rb4 Rab8 19. Qa1 Rb7 20. Rxb7 Qxb7 21. Rb1
Qc7 22. Qb2 Qd7 23. Qb7 Qxb7 24. Rxb7 Ra8 25. Rc7 a5 26. Rxc6 h6 27. Bf3 e4 28.
Bd1 Ne7 29. Rb6 Kf8 30. Ba4 Ra7 31. Rb8+ Ne8 32. Rxe8# 1-0

[Event "24.Schlosspark-Open"]
[Site "Wiesbaden-Biebrich"]
[Date "2012.08.23"]
[Round "1.78"]
[White "Gießelbach, Christian"]
[Black "Gutacker, Stephan"]
[Result "0-1"]
[WhiteElo "1066"]
[BlackElo "1951"]
[PlyCount "74"]
[EventDate "2012.??.??"]
[WhiteTeam "SAbt TuS Dotzheim"]
[BlackTeam "Sfr.1932 Kelkheim"]

1. d4 Nf6 2. c4 e6 3. Nf3 b6 4. Nc3 Bb7 5. e3 g6 6. Bd3 Bg7 7. O-O O-O 8. Re1
d5 9. b3 Nbd7 10. cxd5 exd5 11. e4 dxe4 12. Nxe4 Re8 13. Nxf6+ Qxf6 14. Bb2
Bxf3 15. Qxf3 Qxf3 16. gxf3 c5 17. Bb5 Red8 18. Rad1 Nf8 19. Rd2 Bxd4 20. Bxd4
Rxd4 21. Rde2 a6 22. Re8 Rxe8 23. Bxe8 Ne6 24. Kf1 Rd6 25. b4 cxb4 26. Ba4 Nc5
27. Bc2 Kg7 28. Re4 Rd2 29. Re2 Rxe2 30. Kxe2 Kf6 31. Ke3 Ke5 32. h4 f5 33. f4+
Kd5 34. f3 Kc4 35. Kd2 a5 36. Bd1 b3 37. a3 Ne6 0-1

[Event "24.Schlosspark-Open"]
[Site "Wiesbaden-Biebrich"]
[Date "2012.08.23"]
[Round "1.79"]
[White "Hohner, Karl-Heinz"]
[Black "Peschk, Kathrin"]
[Result "1-0"]
[WhiteElo "1945"]
[BlackElo "1021"]
[PlyCount "59"]
[EventDate "2012.??.??"]
[WhiteTeam "vereinslos"]
[BlackTeam "SV 1946 Groß-Gerau"]

1. e4 e5 2. Nc3 Nf6 3. f4 d6 4. Nf3 Nc6 5. Bb5 Bd7 6. O-O Be7 7. Bxc6 Bxc6 8.
d3 O-O 9. Kh1 Nd7 10. Qe1 Re8 11. f5 Nf6 12. Qg3 h6 13. Bxh6 Bf8 14. Bg5 Nh5
15. Qh4 Nf6 16. Rae1 b6 17. Nd2 Be7 18. Re3 Kf8 19. Qh8+ Ng8 20. Bxe7+ Kxe7 21.
Nd5+ Bxd5 22. exd5 Nf6 23. Qh4 Rh8 24. Qc4 Qd7 25. Rg3 Rh7 26. Ne4 Nxe4 27.
Qxe4 f6 28. h3 Rah8 29. Kh2 Rh5 30. Rxg7+ 1-0

[Event "24.Schlosspark-Open"]
[Site "Wiesbaden-Biebrich"]
[Date "2012.08.23"]
[Round "1.80"]
[White "Melzig, Leon"]
[Black "Schwarz, Eduard"]
[Result "0-1"]
[WhiteElo "1006"]
[BlackElo "1942"]
[PlyCount "36"]
[EventDate "2012.??.??"]
[WhiteTeam "SF HN-Biberach 1978 e.V."]
[BlackTeam "SG Turm Idstein"]

1. e4 e5 2. Nf3 Nc6 3. Bb5 a6 4. Bxc6 dxc6 5. O-O Bd6 6. Nc3 Nf6 7. h3 Be6 8.
d3 Nd7 9. Be3 O-O 10. Qd2 Qe7 11. d4 f5 12. exf5 Bxf5 13. Rac1 Bxh3 14. Bg5 Qe6
15. Qe3 Bxg2 16. Kxg2 Qg4+ 17. Kh2 Rxf3 18. Qe4 Rh3# 0-1